Statistiques concernant Personnages Disney jusqu'à 2000

Cliquez ici pour prendre le quiz!

Statistiques générales

  • Ce quiz a été pris 409 fois
    (382 depuis la dernière actualisation)
  • Le résultat moyen est 148 sur 358

Statistiques - réponses

DisneyPersonnages% Correct
Blanche Neige et les sept nainsBlanche Neige
97%
Prof
92%
Grincheux
91%
Simplet
91%
CendrillonCendrillon
90%
PinocchioPinocchio
90%
Atchoum
89%
BambiBambi
89%
La belle et la bêteBelle
89%
La méchante Reine
88%
Li Fa
88%
Rox et RoukyRox
88%
Alice aux pays des merveillesAlice
87%
La petite sirèneAriel
87%
Dormeur
87%
DumboDumbo
87%
Rouky
87%
AladdinAladdin
86%
Bianca
86%
Peter PanPeter Pan
86%
Simba
86%
Timide
86%
La belle au bois dormantAurore
85%
Les aventures de Bernard et BiancaBernard
85%
Le livre de la JungleMowgli
85%
Robin des boisRobin
84%
Baloo
83%
Jasmine
83%
Merlin l'enchanteurMerlin
83%
Nala
83%
Pan Pan
83%
Winnie l'oursonWinnie
83%
Marie
82%
Mary
82%
PocahontasPocahontas
82%
Wendy
82%
Basil, Détective PrivéBasil
81%
Gus
81%
HerculeHercule
81%
Le roi
81%
MulanMulan Fa
81%
Scar
81%
Woody
81%
Anastasie
80%
Javotte
80%
Joyeux
80%
Le roi lionMufasa
80%
Gepetto
79%
Jafar
79%
Oliver et compagnieOliver
79%
Polochon
79%
Taram et le chaudron magiqueTaram
79%
TarzanTarzan
79%
Porcinet
78%
Tigrou
78%
Buzz l'éclair
77%
Clochard
77%
Esmeralda
77%
Ursula
77%
Cruella
76%
La belle et le clochardLady
76%
Capitaine Crochet
75%
Fleur
75%
Sebastien
75%
Le chapelier fou
74%
Le génie
74%
Maléfique
74%
Berlioz
73%
Les aristochatsDuchesse
73%
Jane
73%
Lumière
73%
101 dalmatiensPongo
73%
Le bossu de notre DameQuasimodo
73%
Bourriquet
72%
Jean
72%
Madame Adélaide
72%
Timon
72%
Toulouse
72%
La reine Mousetoria
71%
Monsieur Mouche
71%
Abu
70%
Toy StoryAndy
70%
Arthur
70%
La bête - Le prince Adam
69%
Hadès
68%
Gaston
67%
La fée Clochette
67%
La reine de coeur
67%
Le chasseur
67%
Bagheera
66%
Le prince Eric
66%
Lucifer
66%
Mégara
66%
Big Ben
65%
Toy Story 2Jessy
65%
Kaa
64%
Perdita
64%
Zip
64%
Jiminy Cricket
63%
Petit Jean
63%
Michel
62%
Thomas
62%
Zig-Zag
62%
Belle Marianne
61%
Ed
61%
Iago
61%
John Smith
61%
Le sultan
61%
Monsieur Patate
61%
Mushu
61%
Rex
61%
Zeus
61%
Le roi Triton
60%
Zazu
60%
La bergère
58%
Le lapin blanc
58%
Pimprenelle
58%
Frollo
57%
Le prince Charmant
57%
Petit Gourou
57%
Peg
56%
Thomas O'Malley
54%
Coco Lapin
53%
Jaq
53%
Le fou
53%
Pumbaa
53%
Flora
52%
Madame Samovar
52%
Pégase
52%
Rafiki
52%
Le prince Philippe
51%
Madame Patate
51%
La petite sirène 2 - Retour à l'océanMélodie
51%
Roger
51%
Edgar
50%
Jean-Christophe
50%
Li Shang
50%
Nana
50%
Timothée
50%
Cléo
49%
Paquerette
49%
Rajah
49%
Sarabi
49%
Figaro
48%
La fée bleue
48%
Panique
48%
Anita
47%
Maurice
47%
Peine
47%
Le tapis
46%
Meeko
46%
Prince Jean
46%
Shere Kan
46%
Phoebus
45%
Capitaine
44%
Le roi lion II - L'honneur de la tribuKiara
44%
Maman Gourou
44%
Pil Poil
44%
Bayonne
43%
Eureka
43%
La marraine fée
43%
Lili la tigresse
43%
Madame Mim
42%
Maître Hibou
42%
Archimède
41%
Roquefort
41%
George Darling
40%
Féline
39%
Jasper
39%
Penny
39%
Frère Tuck
38%
Grand coquin
38%
Horace
38%
Kovu
38%
Les enfants perdus
38%
Lucky
38%
Médusa
38%
La belle-mère
37%
Le lièvre de Mars
36%
Flit
35%
Tantor
35%
Le roi de coeur
34%
Ratigan
34%
Stromboli
34%
Darling
33%
Le miroir
33%
Madame Jumbo
33%
Monstro
33%
Pataud
33%
Patch
33%
Roi Louie
33%
Shenzi
33%
Jetsam
32%
Louï
32%
Max
32%
Tok - Tokina
32%
Clayton
31%
Grand-mère Feuillage
31%
La chenille
31%
Ratcliffe
31%
Barbie
30%
Chef
30%
Dinah
30%
Héra
30%
Les aliens
30%
Tic Tac le crocodile
30%
Flotsam
29%
Rolly
29%
Banzai
28%
César
27%
Colonel
27%
Gédéon
26%
Jock
26%
Nanny
26%
Yao
26%
Olivia Flaversham
25%
Papi Pépite
25%
Phillibert
25%
Roi Stéphane
25%
Shan Yu
25%
Tweedle Dee
25%
Cri-Kee
24%
Djali
24%
FrouFrou
24%
ScatCat
24%
Tweedle Dum
24%
Big Mama
23%
Monsieur Loyal
23%
Princesse Eloise
23%
Tirelire
23%
Brutus
22%
Lafayette
22%
Le chat de Chester
22%
Les cartes
22%
Les sirènes de la lagune
22%
Ling
22%
Marie Darling
22%
Morgana
22%
Phill
22%
Tante Sarah
22%
Amélie
21%
Dodo
21%
Georgette
21%
Tito
21%
Amélia
20%
Dame Gertrude
20%
Les soldats
20%
Percy
20%
Roublard
20%
Veuve Tartine
20%
Vixy
20%
Akela
19%
Couette
19%
Crapule
19%
Le cocher
19%
Le grand duc
19%
Le prince Floriant
19%
Les corbeaux
19%
Les gargouilles
19%
Molly
19%
Napoléon
19%
Roi Richard
19%
Zira
19%
Docteur Dawson
18%
Kala
18%
Les muses
18%
Princesse Atta
18%
Triste Sir
18%
Kerchak
17%
Le grand Prince
17%
Monsieur Snoops
17%
Professeur
17%
Roi Hubert
17%
Tony
17%
Chien Po
16%
Jim Chéri
16%
Les vautours
16%
Monsieur Hibou
16%
Seigneur des Ténèbres
16%
Sergent Tibs
16%
Evinrude
15%
Joe
15%
Le borgne
15%
Le loir
15%
Les fleurs
15%
Néron
15%
Achille
14%
La cigogne
14%
La poignée de porte
14%
La soeur d'Alice
14%
Le chef Indien
14%
L'empereur de Chine
14%
Les siamois
14%
Petit frère
14%
Shérif de Nottingham
14%
Vitani
14%
Maman Bambi
13%
Oncle Waldo
13%
Grand-mère Fa
12%
Sire Hector
12%
Amos Slade
11%
Castor
11%
Danois
11%
Jenifer
11%
Les ancêtres
11%
Orville
11%
Rufus
11%
Sarafina
11%
Bobby
10%
Colonel Hathi
10%
Kocoum
10%
Nuka
10%
Sire Kay
10%
Sabor
9%
Chef Powhatan
8%
Joanna
8%
Le sucrier
8%
Piqueur
8%
Puce
8%
Rita
8%
Toby
8%
Adam de la Halle
7%
Cody
7%
Desoto
7%
Dinky
7%
Félicia
7%
Fidget
7%
Francis
7%
Einstein
6%
Général Li
6%
Le chevalier noir
6%
Monsieur Flaversham
6%
Nakoma
6%
Rosco
6%
Bernard et Bianca au pays des KangourousWilbur
6%
Winston
6%
Crapaud
5%
Gurgi
5%
Zhou Fa
5%
Flash
4%
Jake
4%
Les moires
4%
McLeach
4%
Tip
4%
Abigail
3%
Dalben
3%
Franck
3%
Grimsby
3%
Mordicus
3%
Carlota
2%
Marahute
2%
1001 pattesTitl
2%
Le grognard
1%
Rasemotte
1%
Reine des fourmis
1%
Georges Hatecourt
0%
Le roi James
0%
Madame Judson
0%

Distribution des résultats

Percentile par nombre de réponses

% des personnes avec chaque résultat

Votre développement - résultats

Vous n’avez pas pris ce quiz depuis la dernière actualisation